Tricky Geography - Statistiken

Allgemein
  • Dieses Quiz wurde 83 mal gespielt
  • Das Durchschnittsergebnis liegt bei 6 aus 12
Antwortstatistiken
Hint Antwort % Korrekt
What is the capital of Australia? Canberra
99%
Which country has the most islands? Sweden
74%
Which country has the tallest mountain? (Foot to peak) USA
68%
What is the biggest country in Scandinavia? Denmark
65%
In which country lies the biggest pyramide of the world? Mexico
63%
What is the biggest urban area in India? Mumbai
60%
What is the biggest desert in the world? Antarctic
53%
In which country lies the biggest skiresort of the world? France
44%
What is the biggest lake in the world? Caspian Sea
40%
Which country has the most pyramides in the world? Sudan
33%
What is the tallest mountain of Switzerland (Hint: It‘s Not the Matterhorn) Dufourspitze
24%
What is the name of it? Mauna Kea
19%
Keine übereinstimmenden Quizze gefunden
Verteilung der Resultate
Anzahl Personen mit jedem Resultat
Perzentil nach korrekt beantworteten Fragen
Ihre Resultats-Entwicklung
Sie haben dieses Quiz noch nicht gespielt